[Event "2017 O2C Doeberl Cup"]
[Site "Canberra Australia"]
[Date "2017.04.16"]
[Round "7.6"]
[White "Krasenkova, Ilena"]
[Black "Smirnov, Anton"]
[Result "0-1"]
[LiveChessVersion "1.4.4"]
[BlackElo "2511"]
[WhiteElo "2092"]

1. Nf3 d5 2. d4 Nf6 {[%clk 1:28:03]} 3. c4 {[%clk 1:31:42]} c6 {[%clk 1:28:29]}
4. Qb3 {[%clk 1:32:07]} e6 {[%clk 1:28:25]} 5. Nc3 {[%clk 1:32:18]} Nbd7
{[%clk 1:23:23]} 6. Bg5 {[%clk 1:31:40]} Qa5 {[%clk 1:22:06]} 7. cxd5
{[%clk 1:31:00]} exd5 {[%clk 1:22:02]} 8. Bd2 {[%clk 1:31:26]} Qb6
{[%clk 1:15:26]} 9. Qc2 {[%clk 1:31:31]} Bd6 {[%clk 1:15:29]} 10. e3
{[%clk 1:29:28]} O-O {[%clk 1:15:03]} 11. Bd3 {[%clk 1:29:48]} Re8
{[%clk 1:13:35]} 12. O-O {[%clk 1:30:07]} Nf8 {[%clk 1:13:37]} 13. h3
{[%clk 1:30:17]} Qc7 {[%clk 1:10:20]} 14. Rac1 {[%clk 1:30:18]} Qe7
{[%clk 1:10:19]} 15. Rfd1 {[%clk 1:25:51]} Ne4 {[%clk 1:09:50]} 16. Be1
{[%clk 1:26:16]} Bf5 {[%clk 1:02:53]} 17. a3 {[%clk 1:23:40]} Bg6
{[%clk 1:01:15]} 18. b4 {[%clk 1:18:33]} a6 {[%clk 1:00:57]} 19. Qb3
{[%clk 1:18:39]} Nd7 {[%clk 0:53:43]} 20. Na4 {[%clk 1:18:42]} Bh5
{[%clk 0:52:27]} 21. Be2 {[%clk 1:18:11]} Ng5 {[%clk 0:51:40]} 22. Nc5
{[%clk 1:15:55]} Nxf3+ {[%clk 0:51:40]} 23. Bxf3 {[%clk 1:16:12]} Bxf3
{[%clk 0:52:03]} 24. gxf3 {[%clk 1:16:39]} Nb6 {[%clk 0:50:56]} 25. Qd3
{[%clk 1:09:32]} Nc4 {[%clk 0:50:34]} 26. Rb1 {[%clk 1:09:54]} b6
{[%clk 0:50:46]} 27. Na4 {[%clk 1:09:58]} Qg5+ {[%clk 0:50:58]} 28. Kf1
{[%clk 1:10:12]} Qh5 {[%clk 0:50:36]} 29. Ke2 {[%clk 1:08:52]} Re6
{[%clk 0:50:41]} 30. Nb2 {[%clk 1:07:19]} b5 {[%clk 0:51:04]} 31. Nxc4
{[%clk 1:06:31]} bxc4 {[%clk 0:51:26]} 32. Qc2 {[%clk 1:06:58]} Rf6
{[%clk 0:51:23]} 33. Qa4 {[%clk 1:06:42]} Qxf3+ {[%clk 0:46:59]} 34. Kd2
{[%clk 1:07:07]} h5 {[%clk 0:47:08]} 35. Qxc6 {[%clk 1:05:13]} Bxb4+
{[%clk 0:47:28]} 0-1

[Event "2017 O2C Doeberl Cup"]
[Site "Canberra Australia"]
[Date "2017.04.16"]
[Round "7.7"]
[White "Ly, Moulthun"]
[Black "Stojic, Dusan"]
[Result "1-0"]
[LiveChessVersion "1.4.4"]
[BlackElo "2273"]
[WhiteElo "2486"]

1. e4 {[%clk 1:30:56]} c5 {[%clk 1:30:34]} 2. Nf3 {[%clk 1:31:19]} d6
{[%clk 1:30:48]} 3. d4 {[%clk 1:31:43]} cxd4 {[%clk 1:31:03]} 4. Nxd4
{[%clk 1:32:08]} Nf6 {[%clk 1:31:23]} 5. Nc3 {[%clk 1:32:34]} a6 {[%clk 1:31:46]}
6. h3 {[%clk 1:32:18]} e5 {[%clk 1:28:46]} 7. Nde2 {[%clk 1:32:37]} h5
{[%clk 1:29:09]} 8. Bg5 {[%clk 1:32:47]} Be6 {[%clk 1:29:31]} 9. g3
{[%clk 1:33:08]} Nbd7 {[%clk 1:28:11]} 10. a4 {[%clk 1:30:52]} Be7
{[%clk 1:13:53]} 11. Bg2 {[%clk 1:30:29]} Rb8 {[%clk 1:05:55]} 12. b3
{[%clk 1:29:54]} b5 {[%clk 1:05:24]} 13. axb5 {[%clk 1:30:14]} axb5
{[%clk 1:05:46]} 14. f4 {[%clk 1:28:47]} b4 {[%clk 1:03:07]} 15. Na4
{[%clk 1:27:48]} Nb6 {[%clk 0:58:48]} 16. Nb2 {[%clk 1:28:10]} d5
{[%clk 0:37:24]} 17. fxe5 {[%clk 1:27:03]} Nxe4 {[%clk 0:36:52]} 18. Bxe7
{[%clk 1:27:24]} Qxe7 {[%clk 0:37:20]} 19. Nd3 {[%clk 1:27:41]} O-O
{[%clk 0:36:29]} 20. O-O {[%clk 1:28:04]} Ra8 {[%clk 0:36:27]} 21. Kh2
{[%clk 1:28:13]} Nd7 {[%clk 0:30:41]} 22. Rxa8 {[%clk 1:19:56]} Rxa8
{[%clk 0:31:07]} 23. Qe1 {[%clk 1:20:09]} h4 {[%clk 0:29:33]} 24. gxh4
{[%clk 1:19:01]} Nxe5 {[%clk 0:27:54]} 25. Bxe4 {[%clk 1:18:33]} dxe4
{[%clk 0:23:13]} 26. Nxe5 {[%clk 1:18:49]} Qc7 {[%clk 0:23:41]} 27. Qg3
{[%clk 1:18:45]} Qxc2 {[%clk 0:24:02]} 28. Rg1 {[%clk 1:15:35]} g6
{[%clk 0:22:33]} 29. Rg2 {[%clk 1:06:38]} Qxb3 {[%clk 0:22:49]} 30. Qxb3
{[%clk 1:06:46]} Bxb3 {[%clk 0:23:16]} 31. Nc6 {[%clk 1:06:33]} e3
{[%clk 0:10:08]} 32. h5 {[%clk 1:02:30]} Bc2 {[%clk 0:05:26]} 33. Nxb4
{[%clk 0:45:32]} Be4 {[%clk 0:05:41]} 34. Rg5 {[%clk 0:45:49]} Rb8
{[%clk 0:04:35]} 35. Na2 {[%clk 0:45:56]} Bf3 {[%clk 0:01:48]} 36. Nac3
{[%clk 0:46:20]} Bxh5 {[%clk 0:00:38]} 37. Nf4 {[%clk 0:43:42]} Rb3
{[%clk 0:00:33]} 38. Ncd5 {[%clk 0:34:18]} Bf3 {[%clk 0:00:43]} 39. Re5
{[%clk 0:34:11]} Kg7 {[%clk 0:00:35]} 40. Nxe3 {[%clk 0:32:02]} Bc6
{[%clk 0:00:33]} 41. Ng4 {[%clk 0:30:39]} Rb5 {[%clk 0:25:45]} 42. Re7
{[%clk 1:00:55]} Rb7 {[%clk 0:21:25]} 43. Ne6+ {[%clk 0:51:22]} Kh8
{[%clk 0:18:30]} 44. Nc7 {[%clk 0:51:34]} Rb2+ {[%clk 0:18:43]} 45. Kg1
{[%clk 0:51:08]} Rb1+ {[%clk 0:18:29]} 46. Kf2 {[%clk 0:51:09]} Rb2+
{[%clk 0:18:52]} 47. Ke1 {[%clk 0:48:57]} Rb3 {[%clk 0:13:09]} 48. Rxf7
{[%clk 0:48:35]} Rxh3 {[%clk 0:12:45]} 49. Nf6 {[%clk 0:48:40]} g5
{[%clk 0:07:07]} 50. Ne6 {[%clk 0:48:51]} Re3+ {[%clk 0:06:56]} 51. Kd2
{[%clk 0:49:11]} Rxe6 {[%clk 0:07:16]} 52. Rh7# 1-0

[Event "2017 O2C Doeberl Cup"]
[Site "Canberra Australia"]
[Date "2017.04.16"]
[Round "7.8"]
[White "Sukandar, Irine Kharisma"]
[Black "Kargosha, Bahman"]
[Result "1-0"]
[LiveChessVersion "1.4.4"]
[BlackElo "2217"]
[WhiteElo "2419"]

1. e4 e5 2. Nf3 Nc6 3. Nc3 Nf6 4. Bb5 Bb4 5. O-O O-O 6. d3 d6 7. Bxc6 bxc6 8. Ne2
Re8 9. c3 Bc5 10. Ng3 d5 11. Qe2 Bd6 12. h3 h6 13. Rd1 Qe7 14. Nh4 Kh7 15. Nhf5
Bxf5 16. Nxf5 Qe6 17. c4 Bf8 18. Bd2 g6 19. Ng3 a5 20. Rac1 d4 21. f4 exf4 22.
Bxf4 Bd6 23. Rf1 Nd7 24. Bxd6 cxd6 25. Qf2 Ne5 26. Qxd4 c5 27. Qc3 Reb8 28. Ne2
Qc8 29. Rf6 Qb7 30. b3 a4 31. Rxd6 axb3 32. axb3 Ra2 33. Qxe5 Rxe2 34. Rf1 Rf8
35. Rxg6 f5 36. Qd6 1-0

[Event "2017 O2C Doeberl Cup"]
[Site "Canberra Australia"]
[Date "2017.04.16"]
[Round "8.1"]
[White "Ganguly, Surya Shekhar"]
[Black "Ikeda, Junta"]
[Result "1-0"]
[LiveChessVersion "1.4.4"]
[BlackElo "2394"]
[WhiteElo "2640"]

1. e4 {[%clk 1:30:39]} c5 {[%clk 1:30:56]} 2. Nf3 {[%clk 1:30:46]} e6
{[%clk 1:31:22]} 3. d4 {[%clk 1:30:59]} cxd4 {[%clk 1:31:47]} 4. Nxd4
{[%clk 1:31:22]} a6 {[%clk 1:32:15]} 5. Bd3 {[%clk 1:30:55]} Bc5 {[%clk 1:32:40]}
6. Nb3 {[%clk 1:31:08]} Be7 {[%clk 1:33:07]} 7. Qg4 {[%clk 1:31:12]} g6
{[%clk 1:33:33]} 8. Qe2 {[%clk 1:31:20]} d6 {[%clk 1:33:59]} 9. a4
{[%clk 1:31:29]} b6 {[%clk 1:26:15]} 10. Na3 {[%clk 1:31:09]} Nc6
{[%clk 1:20:09]} 11. Nc4 {[%clk 1:28:26]} Rb8 {[%clk 1:04:50]} 12. O-O
{[%clk 1:26:19]} Qc7 {[%clk 1:01:26]} 13. Rd1 {[%clk 1:22:21]} Nf6
{[%clk 0:55:30]} 14. Bh6 {[%clk 1:22:27]} Bf8 {[%clk 0:43:45]} 15. Qd2
{[%clk 1:02:27]} Bb7 {[%clk 0:21:05]} 16. Be3 {[%clk 0:50:49]} Ba8
{[%clk 0:14:58]} 17. f3 {[%clk 0:50:50]} Be7 {[%clk 0:08:03]} 18. Bh6
{[%clk 0:48:33]} d5 {[%clk 0:06:45]} 19. exd5 {[%clk 0:41:18]} Nxd5
{[%clk 0:06:08]} 20. Be4 {[%clk 0:41:20]} Rd8 {[%clk 0:05:16]} 21. Qe2
{[%clk 0:38:11]} Bf8 {[%clk 0:04:08]} 22. Be3 {[%clk 0:34:16]} Nxe3
{[%clk 0:03:42]} 23. Qxe3 {[%clk 0:34:40]} Rb8 {[%clk 0:03:24]} 24. Qc3
{[%clk 0:27:21]} Rg8 {[%clk 0:03:47]} 25. Ne5 {[%clk 0:27:12]} Rc8
{[%clk 0:01:56]} 26. Nd7 {[%clk 0:26:20]} Bg7 {[%clk 0:01:57]} 27. Nf6+
{[%clk 0:26:30]} Bxf6 {[%clk 0:02:18]} 28. Qxf6 {[%clk 0:26:55]} Qe7
{[%clk 0:01:35]} 29. Qf4 {[%clk 0:27:12]} e5 {[%clk 0:00:50]} 30. Qe3
{[%clk 0:27:20]} Qc7 {[%clk 0:00:38]} 31. Rd3 {[%clk 0:24:09]} Ne7
{[%clk 0:00:39]} 32. Rc3 {[%clk 0:24:00]} Bc6 {[%clk 0:00:41]} 33. Bxc6+
{[%clk 0:23:06]} Nxc6 {[%clk 0:01:07]} 34. Nd4 {[%clk 0:23:21]} Qd7
{[%clk 0:01:00]} 35. Nxc6 {[%clk 0:23:14]} Rxc6 {[%clk 0:01:27]} 36. Qxe5+
{[%clk 0:23:19]} Kf8 {[%clk 0:01:53]} 37. Rxc6 {[%clk 0:23:19]} Qxc6
{[%clk 0:02:19]} 38. Rd1 {[%clk 0:23:42]} 1-0

[Event "2017 O2C Doeberl Cup"]
[Site "Canberra Australia"]
[Date "2017.04.16"]
[Round "8.2"]
[White "Lane, Gary W"]
[Black "Krasenkow, Michal"]
[Result "0-1"]
[LiveChessVersion "1.4.4"]
[BlackElo "2620"]
[WhiteElo "2391"]

1. e4 {[%clk 1:25:28]} g6 {[%clk 1:30:52]} 2. d4 {[%clk 1:24:53]} Bg7
{[%clk 1:31:16]} 3. Nc3 {[%clk 1:25:01]} c6 {[%clk 1:31:41]} 4. Be3
{[%clk 1:20:03]} d5 {[%clk 1:31:58]} 5. f3 {[%clk 1:17:50]} Qb6 {[%clk 1:32:00]}
6. Rb1 {[%clk 1:16:21]} dxe4 {[%clk 1:31:24]} 7. Nxe4 {[%clk 1:12:39]} Nd7
{[%clk 1:23:26]} 8. Qd2 {[%clk 1:03:37]} Ngf6 {[%clk 1:23:21]} 9. Nc3
{[%clk 1:01:22]} O-O {[%clk 1:20:49]} 10. Bd3 {[%clk 0:59:10]} Qc7
{[%clk 1:05:02]} 11. Nge2 {[%clk 0:58:53]} e5 {[%clk 1:05:27]} 12. O-O
{[%clk 0:56:44]} exd4 {[%clk 1:05:34]} 13. Nxd4 {[%clk 0:55:31]} Ne5
{[%clk 1:05:42]} 14. Be2 {[%clk 0:54:57]} Rd8 {[%clk 1:03:42]} 15. Qe1
{[%clk 0:54:03]} c5 {[%clk 1:02:48]} 16. Nb3 {[%clk 0:52:02]} b6 {[%clk 1:02:20]}
17. Qh4 {[%clk 0:49:44]} Bf5 {[%clk 0:52:41]} 18. Rbc1 {[%clk 0:48:22]} Nd5
{[%clk 0:50:24]} 19. Nxd5 {[%clk 0:36:33]} Rxd5 {[%clk 0:50:41]} 20. g4
{[%clk 0:36:29]} Bd7 {[%clk 0:47:50]} 21. f4 {[%clk 0:21:04]} g5 {[%clk 0:46:08]}
22. fxg5 {[%clk 0:19:33]} Re8 {[%clk 0:43:51]} 23. c4 {[%clk 0:11:22]} Rd6
{[%clk 0:39:11]} 24. Bf4 {[%clk 0:11:27]} Bc6 {[%clk 0:36:59]} 25. Qg3
{[%clk 0:09:51]} Bb7 {[%clk 0:35:41]} 26. h4 {[%clk 0:07:11]} Qc6
{[%clk 0:31:52]} 27. Kh2 {[%clk 0:07:14]} Rd3 {[%clk 0:29:26]} 28. Qf2
{[%clk 0:05:19]} Qd7 {[%clk 0:24:56]} 29. Qg1 {[%clk 0:04:35]} Ng6
{[%clk 0:17:18]} 30. Bxd3 {[%clk 0:02:26]} Nxf4 {[%clk 0:17:31]} 31. Rxf4
{[%clk 0:00:54]} Qxd3 {[%clk 0:17:27]} 32. Re1 {[%clk 0:00:45]} Rxe1
{[%clk 0:17:28]} 33. Qxe1 {[%clk 0:01:14]} Be5 {[%clk 0:17:51]} 0-1

[Event "2017 O2C Doeberl Cup"]
[Site "Canberra Australia"]
[Date "2017.04.16"]
[Round "8.3"]
[White "Zhao, Zong-Yuan"]
[Black "Ly, Moulthun"]
[Result "1/2-1/2"]
[LiveChessVersion "1.4.4"]
[BlackElo "2486"]
[WhiteElo "2539"]

1. d4 {[%clk 1:28:27]} Nf6 {[%clk 1:30:17]} 2. c4 {[%clk 1:28:52]} e6
{[%clk 1:30:43]} 3. g3 {[%clk 1:29:20]} d5 {[%clk 1:30:35]} 4. Nf3
{[%clk 1:29:45]} Be7 {[%clk 1:30:57]} 5. Bg2 {[%clk 1:30:10]} O-O
{[%clk 1:31:20]} 6. O-O {[%clk 1:30:36]} dxc4 {[%clk 1:31:32]} 7. Qc2
{[%clk 1:30:47]} a6 {[%clk 1:31:57]} 8. a4 {[%clk 1:31:12]} Bd7 {[%clk 1:32:23]}
9. Qxc4 {[%clk 1:30:09]} Bc6 {[%clk 1:32:46]} 10. Bf4 {[%clk 1:30:00]} Bd6
{[%clk 1:32:24]} 11. Bg5 {[%clk 1:27:39]} Nbd7 {[%clk 1:31:23]} 12. Nc3
{[%clk 1:25:19]} h6 {[%clk 1:31:30]} 13. Bxf6 {[%clk 1:25:10]} Nxf6
{[%clk 1:31:53]} 14. a5 {[%clk 1:23:29]} Qe7 {[%clk 1:31:10]} 15. Rfd1
{[%clk 1:17:01]} Rfd8 {[%clk 1:28:57]} 16. Ne1 {[%clk 1:13:03]} Bxg2
{[%clk 1:28:33]} 17. Nxg2 {[%clk 1:13:27]} Bb4 {[%clk 1:26:03]} 18. Nf4
{[%clk 1:01:56]} Rac8 {[%clk 1:16:01]} 19. Nd3 {[%clk 0:52:52]} c5
{[%clk 1:14:49]} 20. dxc5 {[%clk 0:51:34]} Bxc5 {[%clk 1:15:02]} 21. Nxc5
{[%clk 0:51:42]} Rxd1+ {[%clk 1:15:25]} 22. Rxd1 {[%clk 0:52:04]} Rxc5
{[%clk 1:15:44]} 23. Rd8+ {[%clk 0:46:25]} Kh7 {[%clk 1:12:20]} 24. Qd3+
{[%clk 0:46:21]} g6 {[%clk 1:12:42]} 25. Qd6 {[%clk 0:42:41]} Qxd6
{[%clk 1:10:47]} 26. Rxd6 {[%clk 0:43:01]} Rxa5 {[%clk 1:10:33]} 27. Rb6
{[%clk 0:43:26]} Nd5 {[%clk 1:10:33]} 28. Nxd5 {[%clk 0:43:23]} Rxd5
{[%clk 1:10:52]} 29. Rxb7 {[%clk 0:43:51]} Kg7 {[%clk 1:11:08]} 30. Kg2
{[%clk 0:43:54]} a5 {[%clk 1:09:53]} 31. b4 {[%clk 0:43:33]} axb4
{[%clk 1:10:16]} 32. Rxb4 {[%clk 0:44:00]} 1/2-1/2

[Event "2017 O2C Doeberl Cup"]
[Site "Canberra Australia"]
[Date "2017.04.16"]
[Round "8.4"]
[White "Smirnov, Anton"]
[Black "Heberla, Bartlomiej"]
[Result "0-1"]
[LiveChessVersion "1.4.4"]
[BlackElo "2580"]
[WhiteElo "2511"]

1. e4 {[%clk 1:27:55]} c5 {[%clk 1:21:58]} 2. Nf3 {[%clk 1:28:21]} e6
{[%clk 1:22:23]} 3. d4 {[%clk 1:28:47]} cxd4 {[%clk 1:22:50]} 4. Nxd4
{[%clk 1:29:11]} Nf6 {[%clk 1:23:17]} 5. Nc3 {[%clk 1:29:34]} Nc6
{[%clk 1:23:43]} 6. Ndb5 {[%clk 1:29:57]} d6 {[%clk 1:24:08]} 7. Bf4
{[%clk 1:30:15]} e5 {[%clk 1:24:31]} 8. Bg5 {[%clk 1:30:41]} a6 {[%clk 1:24:55]}
9. Na3 {[%clk 1:31:07]} Be6 {[%clk 1:25:20]} 10. Nc4 {[%clk 1:31:08]} Rb8
{[%clk 1:25:47]} 11. Nd5 {[%clk 1:10:31]} Bxd5 {[%clk 1:23:21]} 12. exd5
{[%clk 1:10:48]} Ne7 {[%clk 1:23:24]} 13. Bxf6 {[%clk 1:07:35]} gxf6
{[%clk 1:23:51]} 14. c3 {[%clk 1:07:45]} b5 {[%clk 1:18:08]} 15. Ne3
{[%clk 1:06:24]} Bh6 {[%clk 1:13:41]} 16. Bd3 {[%clk 0:58:25]} Bxe3
{[%clk 1:09:01]} 17. fxe3 {[%clk 0:57:27]} Qb6 {[%clk 1:09:14]} 18. e4
{[%clk 0:49:10]} f5 {[%clk 1:05:57]} 19. Qf3 {[%clk 0:42:13]} b4 {[%clk 0:50:13]}
20. c4 {[%clk 0:36:58]} fxe4 {[%clk 0:47:21]} 21. Bxe4 {[%clk 0:30:31]} Qd4
{[%clk 0:43:08]} 22. Qd3 {[%clk 0:30:14]} Qxd3 {[%clk 0:39:19]} 23. Bxd3
{[%clk 0:30:39]} f5 {[%clk 0:39:45]} 24. Rf1 {[%clk 0:26:47]} e4 {[%clk 0:37:08]}
25. Be2 {[%clk 0:27:07]} Kf7 {[%clk 0:34:12]} 26. Bg4 {[%clk 0:17:15]} Kg6
{[%clk 0:34:16]} 27. Bh3 {[%clk 0:17:43]} Rhf8 {[%clk 0:28:31]} 28. Kd2
{[%clk 0:17:05]} Kg5 {[%clk 0:25:49]} 29. b3 {[%clk 0:14:18]} Rf6
{[%clk 0:19:32]} 30. Rae1 {[%clk 0:12:43]} Rh6 {[%clk 0:17:13]} 31. Ke3
{[%clk 0:11:14]} Rh4 {[%clk 0:11:59]} 32. Kd4 {[%clk 0:10:28]} Kf6
{[%clk 0:08:56]} 33. Re3 {[%clk 0:09:48]} h5 {[%clk 0:09:01]} 34. Rg3
{[%clk 0:07:01]} Rc8 {[%clk 0:06:55]} 35. Re3 {[%clk 0:06:06]} a5
{[%clk 0:06:58]} 36. Re2 {[%clk 0:05:12]} a4 {[%clk 0:04:56]} 37. Ref2
{[%clk 0:03:34]} Re8 {[%clk 0:03:26]} 38. Ke3 {[%clk 0:04:00]} Rxh3+
{[%clk 0:03:08]} 39. gxh3 {[%clk 0:04:29]} Ke5 {[%clk 0:02:40]} 40. Rg2
{[%clk 0:03:12]} axb3 {[%clk 0:02:49]} 41. axb3 {[%clk 0:03:38]} Ra8
{[%clk 0:01:03]} 42. Rg7 {[%clk 0:03:25]} Ra7 {[%clk 0:29:55]} 43. Kf2
{[%clk 0:22:06]} Kf6 {[%clk 0:15:26]} 44. Rh7 {[%clk 0:17:02]} Ra2+
{[%clk 0:07:09]} 45. Ke3 {[%clk 0:16:30]} Rc2 {[%clk 0:07:11]} 46. Rxe7
{[%clk 0:14:16]} Rc3+ {[%clk 0:07:31]} 47. Ke2 {[%clk 0:14:40]} Kxe7
{[%clk 0:07:49]} 48. Rxf5 {[%clk 0:15:07]} Rxb3 {[%clk 0:07:35]} 49. Rxh5
{[%clk 0:05:35]} Kf6 {[%clk 0:07:43]} 50. Rh6+ {[%clk 0:04:48]} Ke5
{[%clk 0:08:11]} 51. Re6+ {[%clk 0:05:12]} Kd4 {[%clk 0:08:35]} 52. Rxd6
{[%clk 0:05:39]} Rb2+ {[%clk 0:08:54]} 53. Kf1 {[%clk 0:05:51]} e3
{[%clk 0:07:14]} 54. Re6 {[%clk 0:04:45]} b3 {[%clk 0:07:31]} 55. d6
{[%clk 0:04:39]} Rf2+ {[%clk 0:07:48]} 0-1

[Event "2017 O2C Doeberl Cup"]
[Site "Canberra Australia"]
[Date "2017.04.16"]
[Round "8.5"]
[White "Brown, Andrew"]
[Black "Morris, James"]
[Result "1-0"]
[LiveChessVersion "1.4.4"]
[BlackElo "2459"]
[WhiteElo "2326"]

1. d4 {[%clk 1:30:54]} e6 {[%clk 1:30:54]} 2. e4 {[%clk 1:30:06]} d5
{[%clk 1:31:04]} 3. Nc3 {[%clk 1:30:23]} Bb4 {[%clk 1:29:46]} 4. e5
{[%clk 1:29:38]} Qd7 {[%clk 1:29:38]} 5. Nf3 {[%clk 1:25:15]} b6 {[%clk 1:29:59]}
6. Bd2 {[%clk 1:21:01]} a5 {[%clk 1:23:42]} 7. Nb5 {[%clk 1:13:36]} Bf8
{[%clk 1:19:03]} 8. Bf4 {[%clk 1:01:21]} Ba6 {[%clk 1:11:15]} 9. a4
{[%clk 0:59:54]} Ne7 {[%clk 1:08:01]} 10. Bd3 {[%clk 0:56:04]} Nc8
{[%clk 1:08:26]} 11. O-O {[%clk 0:50:33]} c6 {[%clk 1:08:51]} 12. Na3
{[%clk 0:47:19]} h6 {[%clk 1:05:43]} 13. h3 {[%clk 0:40:28]} Be7 {[%clk 1:03:28]}
14. Nh2 {[%clk 0:39:20]} Bxd3 {[%clk 0:59:57]} 15. Qxd3 {[%clk 0:39:15]} Na6
{[%clk 0:58:43]} 16. c3 {[%clk 0:39:13]} Nc7 {[%clk 0:56:47]} 17. Nc2
{[%clk 0:37:57]} c5 {[%clk 0:55:36]} 18. Bd2 {[%clk 0:37:18]} c4 {[%clk 0:53:00]}
19. Qg3 {[%clk 0:37:00]} Bf8 {[%clk 0:53:25]} 20. f4 {[%clk 0:34:44]} Ne7
{[%clk 0:53:51]} 21. Qf3 {[%clk 0:29:36]} h5 {[%clk 0:53:54]} 22. Ne3
{[%clk 0:24:41]} Nf5 {[%clk 0:44:40]} 23. b3 {[%clk 0:23:43]} cxb3
{[%clk 0:41:12]} 24. Nxf5 {[%clk 0:21:33]} exf5 {[%clk 0:41:31]} 25. Rfb1
{[%clk 0:21:08]} h4 {[%clk 0:33:28]} 26. Rxb3 {[%clk 0:20:22]} Rh6
{[%clk 0:32:56]} 27. Nf1 {[%clk 0:17:52]} Be7 {[%clk 0:31:49]} 28. Ne3
{[%clk 0:18:17]} Rc8 {[%clk 0:22:44]} 29. Rab1 {[%clk 0:16:37]} b5
{[%clk 0:22:34]} 30. Rxb5 {[%clk 0:16:33]} Nxb5 {[%clk 0:22:53]} 31. Rxb5
{[%clk 0:16:56]} g6 {[%clk 0:18:58]} 32. Nxd5 {[%clk 0:15:42]} Bd8
{[%clk 0:19:25]} 33. Bc1 {[%clk 0:13:29]} Kf8 {[%clk 0:19:51]} 34. Ba3+
{[%clk 0:12:40]} Kg7 {[%clk 0:20:05]} 35. Bd6 {[%clk 0:11:51]} Rh8
{[%clk 0:19:50]} 36. Qd3 {[%clk 0:11:26]} Qc6 {[%clk 0:18:52]} 37. Rc5
{[%clk 0:11:05]} Qa8 {[%clk 0:18:05]} 38. Rxc8 {[%clk 0:10:06]} Qxc8
{[%clk 0:18:32]} 39. Qb5 {[%clk 0:10:13]} g5 {[%clk 0:18:31]} 40. c4
{[%clk 0:09:11]} g4 {[%clk 0:16:16]} 41. Ne3 {[%clk 0:08:04]} gxh3
{[%clk 0:16:19]} 42. gxh3 {[%clk 0:07:44]} Rg8 {[%clk 0:15:05]} 43. Kf2
{[%clk 0:07:53]} Kh8 {[%clk 0:13:32]} 44. d5 {[%clk 0:06:01]} Bg5
{[%clk 0:04:10]} 45. e6 {[%clk 0:25:18]} fxe6 {[%clk 0:30:26]} 46. fxg5
{[%clk 0:25:32]} Qd8 {[%clk 0:28:38]} 47. Qb2+ {[%clk 0:23:56]} Kh7
{[%clk 0:28:58]} 48. Qf6 {[%clk 0:24:02]} 1-0

[Event "2017 O2C Doeberl Cup"]
[Site "Canberra Australia"]
[Date "2017.04.16"]
[Round "8.6"]
[White "Wright, Neil S"]
[Black "Sukandar, Irine Kharisma"]
[Result "0-1"]
[LiveChessVersion "1.4.4"]
[BlackElo "2419"]
[WhiteElo "2152"]

1. e4 {[%clk 1:29:06]} c5 {[%clk 1:30:42]} 2. Nf3 {[%clk 1:29:28]} Nc6
{[%clk 1:30:58]} 3. d4 {[%clk 1:29:49]} cxd4 {[%clk 1:31:17]} 4. Nxd4
{[%clk 1:30:15]} e5 {[%clk 1:31:24]} 5. Nb5 {[%clk 1:30:35]} d6 {[%clk 1:31:46]}
6. a4 {[%clk 1:30:38]} Be6 {[%clk 1:29:23]} 7. N1c3 {[%clk 1:28:57]} a6
{[%clk 1:29:37]} 8. Na3 {[%clk 1:29:20]} Rc8 {[%clk 1:28:51]} 9. Nd5
{[%clk 1:25:49]} Nf6 {[%clk 1:28:37]} 10. Bg5 {[%clk 1:13:29]} Bxd5
{[%clk 1:26:23]} 11. Qxd5 {[%clk 1:04:35]} Qb6 {[%clk 1:05:07]} 12. Bxf6
{[%clk 1:00:23]} Qxb2 {[%clk 1:01:39]} 13. Bc4 {[%clk 1:00:45]} Qc3+
{[%clk 0:59:49]} 14. Ke2 {[%clk 0:45:28]} Nd4+ {[%clk 0:58:47]} 15. Kd1
{[%clk 0:45:51]} gxf6 {[%clk 0:30:33]} 16. Qxf7+ {[%clk 0:45:39]} Kd8
{[%clk 0:30:59]} 17. Rb1 {[%clk 0:45:44]} Rc7 {[%clk 0:27:41]} 18. Qxf6+
{[%clk 0:44:58]} Ke8 {[%clk 0:28:02]} 19. Qxh8 {[%clk 0:31:57]} Qxa3
{[%clk 0:27:11]} 20. Qg8 {[%clk 0:30:48]} Qxa4 {[%clk 0:23:06]} 21. Bb3
{[%clk 0:30:32]} Qc6 {[%clk 0:19:17]} 22. Re1 {[%clk 0:23:27]} Rg7
{[%clk 0:10:07]} 23. Qd5 {[%clk 0:23:49]} Qxd5 {[%clk 0:10:13]} 24. Bxd5
{[%clk 0:23:51]} Rxg2 {[%clk 0:09:01]} 25. Rxb7 {[%clk 0:23:38]} Be7
{[%clk 0:06:00]} 26. c3 {[%clk 0:22:31]} Nf3 {[%clk 0:06:18]} 27. Re2
{[%clk 0:22:25]} Rg1+ {[%clk 0:05:00]} 28. Kc2 {[%clk 0:22:47]} Ne1+
{[%clk 0:04:27]} 29. Kb3 {[%clk 0:20:45]} Nd3 {[%clk 0:04:52]} 30. Ka3
{[%clk 0:12:39]} Ra1+ {[%clk 0:04:15]} 31. Ra2 {[%clk 0:12:46]} Rc1
{[%clk 0:04:39]} 32. Rb8+ {[%clk 0:05:02]} Kd7 {[%clk 0:04:50]} 33. Rb7+
{[%clk 0:03:32]} Ke8 {[%clk 0:05:08]} 34. Rd2 {[%clk 0:01:57]} Ra1+
{[%clk 0:02:26]} 35. Ba2 {[%clk 0:01:37]} Nc1 {[%clk 0:00:51]} 36. Kb2
{[%clk 0:01:53]} Rxa2+ {[%clk 0:01:16]} 37. Kxc1 {[%clk 0:02:17]} Bg5
{[%clk 0:01:40]} 38. Rg7 {[%clk 0:01:00]} Bxd2+ {[%clk 0:01:56]} 0-1

[Event "2017 O2C Doeberl Cup"]
[Site "Canberra Australia"]
[Date "2017.04.16"]
[Round "8.7"]
[White "Johansen, Darryl K"]
[Black "Clarke, Brandon G I"]
[Result "1-0"]
[LiveChessVersion "1.4.4"]
[BlackElo "2298"]
[WhiteElo "2377"]

1. c4 {[%clk 1:30:57]} Nf6 {[%clk 1:30:40]} 2. Nc3 {[%clk 1:30:49]} g6
{[%clk 1:31:03]} 3. e4 {[%clk 1:31:02]} d6 {[%clk 1:31:27]} 4. d4
{[%clk 1:31:26]} Bg7 {[%clk 1:31:54]} 5. Be2 {[%clk 1:31:41]} O-O
{[%clk 1:32:16]} 6. Bg5 {[%clk 1:32:07]} c5 {[%clk 1:31:23]} 7. d5
{[%clk 1:32:27]} e6 {[%clk 1:30:37]} 8. Qd2 {[%clk 1:30:24]} exd5
{[%clk 1:30:53]} 9. exd5 {[%clk 1:30:48]} Re8 {[%clk 1:23:37]} 10. Nf3
{[%clk 1:31:08]} Qb6 {[%clk 1:23:55]} 11. O-O {[%clk 1:30:26]} Bf5
{[%clk 1:24:03]} 12. Rae1 {[%clk 1:12:06]} Na6 {[%clk 0:25:19]} 13. Nh4
{[%clk 1:06:31]} Bg4 {[%clk 0:24:03]} 14. Bd3 {[%clk 1:02:31]} Nd7
{[%clk 0:21:11]} 15. h3 {[%clk 0:55:14]} Bh5 {[%clk 0:15:34]} 16. g4
{[%clk 0:50:06]} f6 {[%clk 0:14:56]} 17. Bh6 {[%clk 0:31:48]} Bxh6
{[%clk 0:15:24]} 18. Qxh6 {[%clk 0:32:10]} Ne5 {[%clk 0:15:53]} 19. gxh5
{[%clk 0:32:00]} Nxd3 {[%clk 0:16:05]} 20. hxg6 {[%clk 0:29:19]} Qc7
{[%clk 0:16:34]} 21. Ne4 {[%clk 0:28:30]} Kh8 {[%clk 0:10:50]} 22. Re3
{[%clk 0:20:30]} Ne5 {[%clk 0:10:08]} 23. Nxf6 {[%clk 0:19:52]} Re7
{[%clk 0:09:41]} 24. f4 {[%clk 0:17:19]} Nxc4 {[%clk 0:09:22]} 25. Rxe7
{[%clk 0:17:39]} Qxe7 {[%clk 0:09:42]} 26. Nf5 {[%clk 0:18:01]} 1-0

[Event "2017 O2C Doeberl Cup"]
[Site "Canberra Australia"]
[Date "2017.04.16"]
[Round "8.8"]
[White "Zulfic, Fedja"]
[Black "Solomon, Stephen J"]
[Result "1-0"]
[LiveChessVersion "1.4.4"]
[BlackElo "2374"]
[WhiteElo "2118"]

1. e4 e5 2. Nf3 Nf6 3. Nxe5 d6 4. Nf3 Nxe4 5. d3 Nf6 6. d4 Be7 7. Bd3 Nbd7 8. O-O
Nf8 9. c4 Ng6 10. Nc3 c6 11. Re1 O-O 12. b4 Re8 13. a4 Bg4 14. a5 d5 15. c5 Nh4
16. Be2 Bxf3 17. Bxf3 Nxf3+ 18. gxf3 a6 19. Kh1 Qd7 20. Rg1 Nh5 21. Ne2 Bf6 22.
Be3 Qf5 23. Ng3 Nxg3+ 24. Rxg3 Re6 25. Qb1 Qh5 26. Qg1 Rae8 27. Qg2 Qf5 28. Qf1
g6 29. Qb1 Qxb1+ 30. Rxb1 Bg7 31. Rd1 f5 32. f4 Bf6 33. Kg2 Kf7 34. Kf3 Re4 35.
h4 Bxh4 36. Rh3 g5 37. fxg5 Kg6 38. Rg1 R8e6 39. Rg2 Kh5 40. Bf4 Re3+ 41. Ke4 1-0